El mito de la explosión demográfica (Record no. 92760)

MARC details
000 -LEADER
campo de control de longitud fija 01118nam a2200289 i 4500
001 - NÚMERO DE CONTROL
campo de control 92760
003 - IDENTIFICADOR DE NÚMERO DE CONTROL
campo de control ES-MaACL
005 - FECHA Y HORA DE LA ÚLTIMA TRANSACCIÓN
campo de control 20230906181043.0
007 - CAMPO FIJO DE DESCRIPCIÓN FÍSICA--INFORMACIÓN GENERAL
campo de control de longitud fija t|
008 - DATOS DE LONGITUD FIJA--INFORMACIÓN GENERAL
campo de control de longitud fija 050429s1967 sp |||| | spa d
080 ## - NÚMERO DE LA CLASIFICACIÓN DECIMAL UNIVERSAL
Número de la Clasificación Decimal Universal 314.154
100 1# - ENTRADA PRINCIPAL--NOMBRE DE PERSONA
Nombre de persona Hübner Gallo, Jorge Ivan.
9 (RLIN) 64505
245 13 - MENCIÓN DEL TÍTULO
Título El mito de la explosión demográfica
Resto del título : (la autorregulación material de las poblaciones) /
Mención de responsabilidad, etc. Jorge Ivan Hübner Gallo.
260 ## - PUBLICACIÓN, DISTRIBUCIÓN, ETC.
Lugar de publicación, distribución, etc. Madrid :
Nombre del editor, distribuidor, etc. Ateneo :
-- Editora Nacional,
Fecha de publicación, distribución, etc. 1967.
300 ## - DESCRIPCIÓN FÍSICA
Extensión 40 p. , [1] h. ;
Dimensiones 20 cm.
490 1# - MENCIÓN DE SERIE
Mención de serie Colección Ateneo ;
Designación de volumen o secuencia 37
594 ## - Nota al título y mención de responsabilidad
Nota al título y mención de responsabilidad Conferencia pronunciada en el Ateneo de Madrid el 18 de octubre de 1966.
598 ## - NOTA LOCAL
Nota local En verso de anteport.: Esta colección la publica Editora Nacional.
610 24 - PUNTO DE ACCESO ADICIONAL DE MATERIA--NOMBRE DE ENTIDAD CORPORATIVA
Nombre de entidad corporativa o nombre de jurisdicción como elemento de entrada Ateneo de Madrid-
Subdivisión de forma Conferencias-
Subdivisión cronológica 1940-1982.
9 (RLIN) 1908
650 ## - PUNTO DE ACCESO ADICIONAL DE MATERIA--TÉRMINO DE MATERIA
Término de materia o nombre geográfico como elemento de entrada Población.
9 (RLIN) 16139
710 2# - ENTRADA AGREGADA--NOMBRE DE ENTIDAD CORPORATIVA
Nombre de entidad corporativa o nombre de jurisdicción como elemento de entrada Ateneo de Madrid.
9 (RLIN) 1875
830 0# - PUNTO DE ACCESO ADICIONAL DE SERIE-TÍTULO UNIFORME
Título uniforme Colección Ateneo ;
Designación de volumen o secuencia 37
9 (RLIN) 180032
852 4# - LOCALIZACIÓN
Ubicación ES-MaACL
Número de control de estantería 2185-F-26
852 ## - LOCALIZACIÓN
Ubicación ES-MaACL
Número de control de estantería 2294-F-16
Encuadernación Olim P-512-bis
852 ## - LOCALIZACIÓN
Ubicación ES-MaACL
Número de control de estantería P-211-Ter-4-3
Nota libre .-En lomo: 35-42
Holdings
Estatus retirado Estado de pérdida Estado de daño No para préstamo Colección Biblioteca de origen Biblioteca actual Ubicación en estantería Fecha de adquisición Fuente de adquisición Total de préstamos Signatura topográfica completa Código de barras Visto por última vez Precio de reemplazo Tipo de ítem Koha
        Colección de folletos Biblioteca del Ateneo de Madrid Biblioteca del Ateneo de Madrid Depósito folletos 28/03/2011     2294-F-16 1186411 23/02/2023 23/02/2023 Folleto
        Colección de folletos Biblioteca del Ateneo de Madrid Biblioteca del Ateneo de Madrid Depósito folletos 17/01/2008     2185-F-26 1096835 23/02/2023 23/02/2023 Folleto
        Fondo Ateneo de Madrid Biblioteca del Ateneo de Madrid Biblioteca del Ateneo de Madrid Depósito 2 08/01/2019     P-211-Ter-4-3 1199584 23/02/2023 23/02/2023 Libro impreso